• 首页
  • 本馆介绍
  • 公告通知
  • 最新文献
  • 馆藏检索
  • 电子资源
  • 读者导购
  • 参考咨询
  • 我的图书馆
  • 登录
  • 详细信息显示
  • 放入我的书架
  • 预约/预借图书
  • 作者相关作品
  • 分类相关作品
  • 丛书相关作品
  • 出版社相关作品

书目信息

  • 表格格式
  • 工作单格式
  • 卡片格式
题名:
世界名岛
    
 
作者: 徐斌 主编
分册:  
出版信息: 长春   长春出版社  2009
页数: 221页
开本: 25cm
丛书名:
单 册:
中图分类: K918.44
科图分类:
主题词: 岛--简介--世界 , 岛
电子资源:
ISBN: 978-7-5445-0448-5
000 00891nam0 2200277 45
001 1050814359
005 20100420092116.20
010    @a978-7-5445-0448-5@dCNY29.80
100    @a20100409d2009 em y0chiy50 ea
101 0  @achi
102    @aCN@b220000
105    @aa z 000yy
106    @ar
200 1  @a世界名岛@AShi Jie Ming Dao@dFamous islands of the world@f徐斌主编@FXu Bin Zhu Bian@zeng
205    @a2版
210    @a长春@c长春出版社@d2009
215    @a221页@c照片,图@d25cm
300    @a世界自然地理
330    @a本书收录了来自亚洲、非洲、欧洲、美洲、澳洲五大洲的著名岛屿,具体有:济州岛、九州岛、爪哇岛、马尔代夫群岛、撒丁岛、夏威夷群岛等。
510 1  @aFamous islands of the world@zeng
606 0  @a岛@x简介@y世界
606 0  @a岛
690    @aK918.44@v4
701  0 @a徐斌@AXu Bin@4主编
801  0 @aCN@bTANGWEI@c20100420
905    @b0590793-95@dK918.44@e191=2@f3
    
    世界名岛=Famous islands of the world/徐斌主编.-2版.-长春:长春出版社,2009
    221页:照片,图;25cm
    世界自然地理
    
    ISBN 978-7-5445-0448-5:CNY29.80
    本书收录了来自亚洲、非洲、欧洲、美洲、澳洲五大洲的著名岛屿,具体有:济州岛、九州岛、爪哇岛、马尔代夫群岛、撒丁岛、夏威夷群岛等。
●
相关链接 在E读中查询图书 在五车中查询图书 在当当中查询图书 在豆瓣中查询图书


正题名:世界名岛     索取号:K918.44/191=2         预约/预借

序号 登录号 条形码 馆藏地/架位号 状态 备注
1 0590793   205907937   第二样本阅览室/ [索取号:K918.44/191=2] 在馆    
2 0590794   205907946   第二借阅区/ [索取号:K918.44/191=2] 在馆    
3 0590795   205907955   第二借阅区/ [索取号:K918.44/191=2] 在馆    
唐山师范学院图书馆 欢迎您!
大连网信软件有限公司© 版权所有